MARC

Tag First Indicator Second Indicator Subfields
LEADER 00000cam a2200000 a 4500
001 in00001403908
005 20151020054240.0
008 970620s1998 caua b 001 0 eng
010 |a  97027517  
020 |a 1565106776 (lib. : alk. paper) 
020 |a 1565106768 (pbk. : alk. paper) 
035 |a (OCoLC)37220988 
035 |9 AHN0878AM 
040 |a DLC  |c DLC  |d CDC  |d DAY  |d MLX  |d C#P  |d TXA  |d UtOrBLW 
049 |a TXAM 
050 0 0 |a HD6053  |b .W6773 1998 
082 0 0 |a 331.4  |2 21 
245 0 0 |a Working women :  |b opposing viewpoints /  |c Mary E. Williams, book editor ; Brenda Stalcup, assistant editor, Karin L. Swisher, assistant editor. 
264 1 |a San Diego, Calif. :  |b Greenhaven Press,  |c [1998] 
264 4 |c ©1998 
300 |a 186 pages :  |b illustrations ;  |c 22 cm. 
336 |a text  |b txt  |2 rdacontent 
337 |a unmediated  |b n  |2 rdamedia 
338 |a volume  |b nc  |2 rdacarrier 
490 1 |a Opposing viewpoints series 
504 |a Includes bibliographical references (pages 177-180) and index. 
505 0 |a What are the effects of women's increased participation in the workforce? -- How serious is discrimination against female workers? -- How serious a problem is sexual harassment in the workplace? -- Should women serve in the military? 
650 0 |a Women  |x Employment. 
650 0 |a Discrimination in employment. 
650 0 |a Sex discrimination against women. 
650 0 |a Sexual harassment of women. 
650 0 |a Women and the military. 
650 0 |a Children of working mothers. 
700 1 |a Williams, Mary E.,  |d 1960- 
700 1 |a Stalcup, Brenda. 
700 1 |a Swisher, Karin,  |d 1966- 
830 0 |a Opposing viewpoints series (Unnumbered) 
999 |a MARS 
999 f f |s fe20e940-cb6f-34dc-9025-ff2eadb43e1a  |i 87affd11-c79a-3a9b-8983-88ce3706b467  |t 0 
952 f f |p ric  |a Texas A&M University  |b Rellis Campus  |c Joint Library Facility  |d Remote Storage  |t 0  |e HD6053 .W6773 1998  |h Library of Congress classification  |i unmediated -- volume  |m A14822098783 
998 f f |a HD6053 .W6773 1998  |t 0  |l Remote Storage